书目信息 |
| 题名: |
中国封建社会的轻商思想和抑商政策
|
|
| 作者: | 曾兆祥 著 | |
| 分册: | ||
| 出版信息: | 北京 中国商业出版社 1983 |
|
| 页数: | 56页 | |
| 开本: | 19cm | |
| 丛书名: | ||
| 单 册: | ||
| 中图分类: | F092.2 | |
| 科图分类: | ||
| 主题词: | 封建社会-经济政策--研究--中国 , 经济政策-封建社会--研究--中国 , 经济思想史 | |
| 电子资源: | ||
| ISBN: | ||
| 000 | 00746nam0 2200253 45 | |
| 001 | 0183002973 | |
| 005 | 20061102155249.14 | |
| 010 | @dCNY0.55 | |
| 091 | @aCN@b4237.088 | |
| 100 | @a19950613d1983 em y0chiy0121 ea | |
| 101 | 0 | @achi |
| 102 | @aCN@b110000 | |
| 105 | @ay z 000yy | |
| 200 | 10 | @a中国封建社会的轻商思想和抑商政策@Azhong guo feng jian she hui de qing shang si xiang he yi shang zheng ce@f曾兆祥著 |
| 210 | @a北京@c中国商业出版社@d1983 | |
| 215 | @a56页@d19cm | |
| 606 | @a封建社会-经济政策@x研究@y中国 | |
| 606 | @a经济政策-封建社会@x研究@y中国 | |
| 606 | 0 | @a经济思想史 |
| 690 | @aF092.2@v3 | |
| 701 | 0 | @a曾兆祥@Azeng zhao xiang@4著 |
| 801 | 2 | @aCN@bNLC@c20061102 |
| 801 | 0 | @aCN@bTSSF |
| 905 | @a10447@dF092.2@e10 | |
| 中国封建社会的轻商思想和抑商政策/曾兆祥著.-北京:中国商业出版社,1983 |
| 56页;19cm |
| ISBN :CNY0.55 |
| ● |
| 相关链接 |
|
|
|
|
正题名:中国封建社会的轻商思想和抑商政策
索取号:F092.2/10
 
预约/预借
| 序号 | 登录号 | 条形码 | 馆藏地/架位号 | 状态 | 备注 |
| 1 | 0122288 | 000194550 | 第一样本阅览室/ [索取号:F092.2/10] | 在馆 |